Liverpool squad 2019-2020 - Statistics

General Stats
  • This quiz has been taken 606 times
    562 since last reset
  • The average score is 21 of 27
Answer Stats
Position Nation Number Player % Correct
GK Brazil 1 Alisson
98%
RW Egypt 11 Mohamed Salah
98%
CB Netherlands 4 Virgil van Dijk
98%
LW Senegal 10 Sadio Mane
97%
ST Brazil 9 Roberto Firmino
95%
LB England 66 Trent Alexander-Arnold
94%
CDM England 14 Jordan Henderson
93%
LB Scotland 26 Andrew Robertson
92%
CDM Brazil 3 Fabinho
92%
CM England 7 James Milner
88%
CM Netherlands 5 Georginio Wijnaldum
87%
CB Croatia 6 Dejan Lovren
86%
ST Belgium 27 Divock Origi
86%
CB England 12 Joe Gomez
86%
Coach Germany - Jurgen Klopp
86%
CM Guinea 8 Naby Keita
85%
CB Cameroon 32 Joel Matip
84%
RW Switzerland 23 Xherdan Shaqiri
81%
GK Belgium 22 Simon Mignolet
72%
RB England 2 Nathaniel Clyne
70%
CM England 15 Alex Oxlade-Chamberlain
65%
CM England 20 Adam Lallana
57%
RW England 67 Harvey Elliot
56%
CB Netherlands 72 Sepp van den Berg
38%
ST England 24 Rhian Brewster
37%
CAM Wales 58 Ben Woodburn
30%
LB Netherlands 51 Ki-Jana Hoever
26%
No matching quizzes found
Score Distribution
Percent of People with Each Score
Percentile by Number Answered
Your Score History
You have not taken this quiz since the last reset